| 000 -LEADER |
| fixed length control field |
03952cam a22005537i 4500 |
| 003 - CONTROL NUMBER IDENTIFIER |
| control field |
OSt |
| 005 - DATE AND TIME OF LATEST TRANSACTION |
| control field |
20210223164605.0 |
| 008 - FIXED-LENGTH DATA ELEMENTS--GENERAL INFORMATION |
| fixed length control field |
161203s2006 enkab b 001 0 eng c |
| 010 ## - LIBRARY OF CONGRESS CONTROL NUMBER |
| LC control number |
2005037581 |
| 016 7# - NATIONAL BIBLIOGRAPHIC AGENCY CONTROL NUMBER |
| Record control number |
013356286 |
| Source |
Uk |
| 020 ## - INTERNATIONAL STANDARD BOOK NUMBER |
| International Standard Book Number |
0415366577 (hbk.) |
| 020 ## - INTERNATIONAL STANDARD BOOK NUMBER |
| International Standard Book Number |
9780415366588 (pbk.) |
| 042 ## - AUTHENTICATION CODE |
| Authentication code |
pcc |
| 082 00 - DEWEY DECIMAL CLASSIFICATION NUMBER |
| Classification number |
307.76 |
| Edition number |
23 |
| Item number |
BEL |
| 084 ## - OTHER CLASSIFICATION NUMBER |
| Classification number |
74.72 |
| Source of number |
bcl |
| 084 ## - OTHER CLASSIFICATION NUMBER |
| Classification number |
MS 1870 |
| Source of number |
rvk |
| 084 ## - OTHER CLASSIFICATION NUMBER |
| Classification number |
RB 10630 |
| Source of number |
rvk |
| 245 00 - TITLE STATEMENT |
| Title |
Small cities : |
| Remainder of title |
urban experience beyond the metropolis / |
| Statement of responsibility, etc |
edited by David Bell and Mark Jayne. |
| 300 ## - PHYSICAL DESCRIPTION |
| Extent |
xiii, 280 pages : |
| Other physical details |
illustrations, maps ; |
| Dimensions |
24 cm. |
| 490 0# - SERIES STATEMENT |
| Series statement |
Questioning cities |
| 504 ## - BIBLIOGRAPHY, ETC. NOTE |
| Bibliography, etc |
Includes bibliographical references (pages 249-273) and index. |
| 505 0# - FORMATTED CONTENTS NOTE |
| Formatted contents note |
Conceptualizing small cities/ David Bell and Mark Jayne -- The political economy of small cities -- On the dynamics of ambivalent urbanization and urban productivity in Port Louis, Mauritius / Abdoumaliq Simone -- Temp town : temporality as a place promotion niche in the world's furniture capital / John Joe Schlichtman -- Jumping scale : from small town politics to a 'regional presence'? : re-doing economic governance in Canada's technology triangle / Joseph Leibovitz -- Tourism in a reluctantly small city-island-nation : insights from Singapore / T.C. Chang -- The urban hierarchy and competitive advantage -- The festival phenomenon : festivals, events and the promotion of small urban areas / Andrew Bradley and Tim Hall -- Gentrifying down the urban hierarchy : 'the cascade effect' in Portland, Maine / Loretta Lees -- The re-construction of a small Scottish city : re-discovering Dundee / Greg Lloyd, John Mccarthy, and Deborah Peel -- Urban myth : the symbolic sizing of Weimar, Germany / Frank Eckardt -- The cultural economy of small cities -- Garden cities and city gardens / Malcolm Miles -- Small cities for a small planet : sustaining the cultural renaissance? / Graeme Evans and Jo Foord -- Creative small cities : cityscapes, power, and the arts / Gordon. |
| 505 0# - FORMATTED CONTENTS NOTE |
| Formatted contents note |
Waitt -- Rethinking small places : urban cultural creativity : examples from Sweden, the USA, and Bosnia-Herzegovina / Tom Fleming, Lia Ghilardi and Nancy K. Napier -- Identity, lifestyle, and forms of sociability -- Caudan : domesticating the global waterfront / Tim Edensor -- De-centring metropolitan youth identities : boundaries, difference, and sense of place / Gordon Waitt, Tim Hewitt and Ellen Kraly -- Small city : big ideas : culture-led regeneration and the consumption of place / Steven Miles -- Afterword : small change, sizing up small cities / David Bell and Mark Jayne. |
| 650 #0 - SUBJECT ADDED ENTRY--TOPICAL TERM |
| Topical term or geographic name as entry element |
Cities and towns. |
| 650 #0 - SUBJECT ADDED ENTRY--TOPICAL TERM |
| Topical term or geographic name as entry element |
Urban policy. |
| 650 #4 - SUBJECT ADDED ENTRY--TOPICAL TERM |
| Topical term or geographic name as entry element |
Politique urbaine. |
| 650 #4 - SUBJECT ADDED ENTRY--TOPICAL TERM |
| Topical term or geographic name as entry element |
Villes. |
| 650 #6 - SUBJECT ADDED ENTRY--TOPICAL TERM |
| Topical term or geographic name as entry element |
Villes. |
| 650 #6 - SUBJECT ADDED ENTRY--TOPICAL TERM |
| Topical term or geographic name as entry element |
Politique urbaine. |
| 650 #7 - SUBJECT ADDED ENTRY--TOPICAL TERM |
| Topical term or geographic name as entry element |
Cities and towns. |
| Source of heading or term |
fast |
| 650 #7 - SUBJECT ADDED ENTRY--TOPICAL TERM |
| Topical term or geographic name as entry element |
Urban policy. |
| Source of heading or term |
fast |
| 650 07 - SUBJECT ADDED ENTRY--TOPICAL TERM |
| Topical term or geographic name as entry element |
Kleinstadt. |
| Source of heading or term |
gnd |
| 650 07 - SUBJECT ADDED ENTRY--TOPICAL TERM |
| Topical term or geographic name as entry element |
Stadtentwicklung. |
| Source of heading or term |
gnd |
| 650 17 - SUBJECT ADDED ENTRY--TOPICAL TERM |
| Topical term or geographic name as entry element |
Kleine steden. |
| Source of heading or term |
gtt |
| 650 17 - SUBJECT ADDED ENTRY--TOPICAL TERM |
| Topical term or geographic name as entry element |
Stedelijke ontwikkeling. |
| Source of heading or term |
gtt |
| 650 07 - SUBJECT ADDED ENTRY--TOPICAL TERM |
| Topical term or geographic name as entry element |
Kleinstadt. |
| Source of heading or term |
swd |
| 650 07 - SUBJECT ADDED ENTRY--TOPICAL TERM |
| Topical term or geographic name as entry element |
Stadtentwicklung. |
| Source of heading or term |
swd |
| 655 #4 - INDEX TERM--GENRE/FORM |
| Genre/form data or focus term |
Aufsatzsammlung. |
| 655 #7 - INDEX TERM--GENRE/FORM |
| Genre/form data or focus term |
Aufsatzsammlung. |
| Source of term |
swd |
| 700 1# - ADDED ENTRY--PERSONAL NAME |
| Personal name |
Bell, David, |
| Dates associated with a name |
1965 February 12- |
| 700 1# - ADDED ENTRY--PERSONAL NAME |
| Personal name |
Jayne, Mark, |
| Dates associated with a name |
1970- |
| 830 #0 - SERIES ADDED ENTRY--UNIFORM TITLE |
| Uniform title |
Questioning cities series. |
| 856 41 - ELECTRONIC LOCATION AND ACCESS |
| Materials specified |
Table of contents |
| Uniform Resource Identifier |
<a href="http://catdir.loc.gov/catdir/toc/ecip066/2005037581.html">http://catdir.loc.gov/catdir/toc/ecip066/2005037581.html</a> |
| 856 41 - ELECTRONIC LOCATION AND ACCESS |
| Materials specified |
Table of contents |
| Uniform Resource Identifier |
<a href="http://bvbr.bib-bvb.de:8991/F?func=service&doc_library=BVB01&doc_number=014165314&line_number=0001&func_code=DB_RECORDS&service_type=MEDIA">http://bvbr.bib-bvb.de:8991/F?func=service&doc_library=BVB01&doc_number=014165314&line_number=0001&func_code=DB_RECORDS&service_type=MEDIA</a> |
| 856 42 - ELECTRONIC LOCATION AND ACCESS |
| Materials specified |
Publisher description |
| Uniform Resource Identifier |
<a href="http://catdir.loc.gov/catdir/enhancements/fy0654/2005037581-d.html">http://catdir.loc.gov/catdir/enhancements/fy0654/2005037581-d.html</a> |
| 856 ## - ELECTRONIC LOCATION AND ACCESS |
| Uniform Resource Identifier |
<a href="http://bvbr.bib-bvb.de:8991/F?func=service&doc_library=BVB01&local_base=BVB01&doc_number=014165314&line_number=0001&func_code=DB_RECORDS&service_type=MEDIA">http://bvbr.bib-bvb.de:8991/F?func=service&doc_library=BVB01&local_base=BVB01&doc_number=014165314&line_number=0001&func_code=DB_RECORDS&service_type=MEDIA</a> |
| Public note |
Inhaltsverzeichnis |
| 856 4# - ELECTRONIC LOCATION AND ACCESS |
| Materials specified |
Inhaltsverzeichnis |
| Uniform Resource Identifier |
<a href="http://swbplus.bsz-bw.de/bsz261595148inh.htm">http://swbplus.bsz-bw.de/bsz261595148inh.htm</a> |
| 942 ## - ADDED ENTRY ELEMENTS (KOHA) |
| Source of classification or shelving scheme |
|